| 000 | 00678nam a22001337a 4500 | ||
|---|---|---|---|
| 040 | _cRUA | ||
| 082 | _aAGR TOP 2016 B644 Or.1 | ||
| 100 | _aTOP THET តុប ថេត | ||
| 245 | _acomp arison of growth and yield on bitter gourd varitihs at royal university of agriculture ការប្រៀបធៀបទៅលើការលូតលាស់ និងទិន្នផលពូជម្រះនៅសាកលវិទ្យាល័យភូមិន្ទកសិកម្ម | ||
| 260 |
_aphnom penh _brua _c2016 |
||
| 300 |
_ax;43p; _bill; _c29cm; |
||
| 856 | _uhttps://drive.google.com/file/d/1QEP2OKtK01fZQgdAYWdXMXc5inE6GNia/view?usp=sharing | ||
| 942 | _cAGR | ||
| 999 |
_c18190 _d18190 |
||